000 00710nam a2200277Ia 4500
005 20260324130143.0
008 008 260324s9999 xx 000 0 eng d
020 _a9780429250088
037 _aEBOOK
040 _aCRL
040 _beng
040 _cCRL
041 _2eng
041 _aeng
084 _qCRL
100 _aRobert J. Parelli; Colin M. Howles; Zeev Shoham; David. K Weissman
_91180701
245 0 _aMedicolegal Issues for Diagnostic Imaging Professionals
260 _bTaylor and Francis
260 _c2008
365 _a
365 _b180
856 _uhttp://www.taylorfrancis.com/books/9780429250088
942 _cEBOOK
999 _c1776623
_d1776623